000 00727nam a2200193Ii 4500
003 JO-AjNU
008 230605s9999||||xx |||||||||||||| ||und||
040 _aJO-AjNU
_bara
_erda
_cJO-AjNU
041 _aara
050 1 4 _aLB1028.J2 2011
100 3 _aجابر،جابر عبد الكريم مؤلف/كاظم،أحمد خيري م.مشارك,
_eauthor
_932504
245 0 0 _aمناهج البحث في التربية وعلم النفس
264 3 1 _aالقاهرة:دار النهضة العربية،2011
300 _a472ص
_bملحق:ص(430-472)
336 _atext
_btxt
_2rdacontent
337 _aunmediated
_bn
_2rdamedia
338 _avolume
_bnc
_2rdacarrier
650 4 _a التربية و التعليم-بحث
_932505
999 _aA13130
_c16698
_d16698